000 00435nam a2200145 a 4500
001 000031708
005 20200930063124.0
008 110630s20uu dr 000 0 spa d
040 _aDO-SdBNP
_bspa
_cBNPHU
100 1 _aAbreu, Noé A.
_923825
245 1 0 _aCuentos de velorios no. 6 /
_cNoé A. Abreu.
260 _aSanto Domingo :
_bBillar Milenio,
_c[200?].
300 _a1v. con varias paginaciones :
_bil. ;
_c[200?].
049 _aBNPD
999 _c31200
_d31200